000 00447nam a2200193Ia 4500
005 20240823050725.0
008 240823s9999||||xx |||||||||||||| ||und||
020 _a978-81-8371-278-1
041 _aENGLISH
082 _A808.32 Q0
100 _aLakshminarayan.K.R
245 0 _aLearn to Edit in Style
250 _a1st
260 _c2010
_bScitech Publica
500 _aYES
650 _aGeneral
_bGeneral
942 _cBK
999 _c217910
_d217910